La révolution, c'est l'orléanisme / (Record no. 158157)

MARC details
000 -LEADER
campo de control de longitud fija 00756nam a2200193 i 4500
001 - NÚMERO DE CONTROL
campo de control 158157
003 - IDENTIFICADOR DE NÚMERO DE CONTROL
campo de control ES-MaACL
005 - FECHA Y HORA DE LA ÚLTIMA TRANSACCIÓN
campo de control 20251015063141.0
008 - DATOS DE LONGITUD FIJA--INFORMACIÓN GENERAL
campo de control de longitud fija 040824s1852 fr |||| | fre d
040 ## - FUENTE DE CATALOGACIÓN
Centro catalogador/agencia de origen CAM
Lengua de catalogación spa
Centro/agencia transcriptor CAM
100 1# - ENTRADA PRINCIPAL--NOMBRE DE PERSONA
Nombre de persona Lourdoueix, Honoré de,
Fechas asociadas al nombre 1797-1860
9 (RLIN) 129095
245 13 - MENCIÓN DEL TÍTULO
Título La révolution, c'est l'orléanisme /
Mención de responsabilidad, etc. par H. de Lourdoueix.
250 ## - MENCION DE EDICION
Mención de edición 2e éd.
260 ## - PUBLICACIÓN, DISTRIBUCIÓN, ETC.
Lugar de publicación, distribución, etc. Paris :
Nombre del editor, distribuidor, etc. Dentu libraire,
Fecha de publicación, distribución, etc. 1852 (
Fabricante Imprimerie de Poussielgue, Masson et c\pie\s)
300 ## - DESCRIPCIÓN FÍSICA
Extensión 252, [1] p., [8] h. pleg. de lám. ;
Dimensiones 18 cm.
599 ## - NOTA A LAS ILUSTRACIONES
NOTA A LAS ILUSTRACIONES Las h. pleg. de lám. reproducción de cartas autógrafas.
852 ## - LOCALIZACIÓN
Ubicación ES-MaACL
Número de control de estantería T-456-F-4
Nota libre -- Enc. hol.
condición física -- Falto de cub. original
Nota libre -- Enc. en un vol. facticio
Holdings
Estatus retirado Estado de pérdida Estado de daño No para préstamo Colección Biblioteca de origen Biblioteca actual Ubicación en estantería Fecha de adquisición Total de préstamos Signatura topográfica completa Código de barras Visto por última vez Precio de reemplazo Tipo de ítem Koha
        Colección de folletos Biblioteca del Ateneo de Madrid Biblioteca del Ateneo de Madrid Depósito folletos 17/01/2008   T-456-F-4 1165527 23/02/2023 23/02/2023 Folleto